| 000 | 00851cam a2200277 4500 | ||
|---|---|---|---|
| 008 | 090401t1996 xxu||||| |||| 00| 0 eng d | ||
| 020 | _a0198259409 | ||
| 035 | _a(Sirsi) u6413 | ||
| 041 | _aeng | ||
| 050 | _a338.181 | ||
| 100 | _aCardwell, Michael N. | ||
| 245 | _aMilk quotas : European Community and United Kingdom law. | ||
| 260 |
_aOxford _bClarendon Press _c1996 |
||
| 300 | _axxxviii,220p. ; 24cm. | ||
| 350 | _a45 | ||
| 520 | _aExplores the influence that milk quotas have had on EC and UK legislation. Discusses such aspects as quota tranfers, taxation and implications for landlord and tenant. | ||
| 650 | _aEUROPEAN COMMUNITY | ||
| 650 | _aLEGISLATION | ||
| 650 | _aMILK QUOTAS | ||
| 650 | _aQUOTA TRANSFERS | ||
| 650 | _aSLOM | ||
| 650 | _aTAXATION | ||
| 690 | _aRURAL PRACTICE | ||
| 942 | _n0 | ||
| 948 | _c04/03/1997 | ||
| 999 |
_c86293 _d86293 |
||